000 00645nam a2200205 i 4500
001 110049
003 ES-MaACL
005 20250809025043.0
007 t|
008 061121m19441947xxk r ||||1| eng d
100 1 _aOppenheim, Lassa Francis Laurence.
_987132
245 1 0 _aInternational law
_b: a teatrise /
_cby L. Oppenheim ;.
250 _a6th ed.
_bedited by H.Lauterpach.
260 _aLondon :
_bLongmans, Green,
_c1944-1947.
300 _a2 v. ;
_c23 cm.
650 0 7 _aDerecho internacional público
_2embne
_911723
700 1 _aLauterpacht, Hersch.
_970663
852 _aES-MaACL
_jC-4280-81
_bR.24107
999 _c110049
_d110049